Представление документа в формате RUSMARC

ПолеНазваниеЗначение
  Тип записи a
  Библиографический уровень a
001 Контрольный номер RU/CBS_Ul/BASE/442586680
005 Дата корректировки 20240209175134.4
100 Данные общей обработки __
a Данные общей обработки 20140109d2014 ||| 0rusy0189 ca
101 Язык документа 0_
a Язык текста rus
102 Страна публикации __
a Страна публикации RU
105 Кодированные данные (монография) __
a Кодированные данные (монография) y###||||000|y
200 Заглавие и сведения об ответственности 1_
a Заглавие Как сделать лёгкой вторую четверть?
b Общее обозначение материала Текст
e Сведения, относящиеся к заглавию [советы специалистов]
f Первые сведения об ответственности Ольга Филатова
300 Общие примечания __
a Общие примечания Ограничения по возрасту - 6+
461 Уровень набора _0
1 2000
a Здоровье школьника
463 Уровень физической единицы _0
1 001RU/CBS_Ul/BASE/442578906
1 2000
a №11
v С.38-41
1 210
d 2013
606 Тематические рубрики 0_
a Основная рубрика Школьники - Успеваемость
610 Ключевые слова 0_
a Ключевые слова школьники
a Ключевые слова успеваемость
a Ключевые слова учеба
686 Индексы других классификаций __
a Классификационный индекс 74.2
2 Код системы ББК
700 Автор _1
a Фамилия Филатова
b Имя (инициалы) Ольга
g Полное личное имя О.
801 Источник записи _0
a Страна RU
b Организация МБУК ЦБС г. Ульяновска
c Дата составления 20140109
g Правила каталогизации RCR
801 Источник записи _1
a Страна RU
b Организация МБУК ЦБС г. Ульяновска
c Дата составления 20140109
g Правила каталогизации RCR
901 Тип документа __
t Тип документа b
w Контрольный № источника RU/CBS_Ul/BASE/442578906
910 Корректоры записи __
a Корректор записи Библиотека 18
938 Служебная информация __
a Имя БД period